|
|
|
|
| LEADER |
02530ncm a2200637 i 4500 |
| 001 |
nkc20162794060 |
| 003 |
CZ PrNK |
| 005 |
20161213071147.0 |
| 007 |
qu |
| 008 |
160531t20162016xr zzl g nn zxx |
| 015 |
|
|
|a cnb002794060
|
| 024 |
2 |
|
|a 979-0-706547-15-2
|q (brožováno)
|
| 028 |
2 |
1 |
|a MG 0017
|b Musica Gioia
|
| 040 |
|
|
|a ABA001
|b cze
|d BOA001
|e rda
|
| 041 |
0 |
|
|g cze
|g eng
|g ger
|
| 043 |
|
|
|a e-xr---
|
| 045 |
|
|
|a x-y-
|
| 048 |
|
|
|a ka01
|
| 072 |
|
7 |
|a 786
|x Hudba pro klávesové nástroje
|2 Konspekt
|9 9
|
| 080 |
|
|
|a 786.2
|2 MRF
|
| 080 |
|
|
|a 78.083
|2 MRF
|
| 080 |
|
|
|a 780.616.433.087.1
|2 MRF
|
| 080 |
|
|
|a 78.089.6
|2 MRF
|
| 100 |
1 |
|
|a Douša, Eduard,
|d 1951-
|7 jn20000400527
|4 cmp
|
| 240 |
1 |
0 |
|a Miniatury.
|n Seš. 1
|
| 245 |
1 |
0 |
|a Miniatury I. :
|b 10 přednesových skladeb pro klavír = Miniatures I. : 10 recital compositions for piano = Miniaturen I. : 10 Vortragsstücke für Klavier /
|c Eduard Douša
|
| 246 |
3 |
1 |
|a Miniatures I.
|
| 246 |
3 |
1 |
|a Miniaturen I.
|
| 250 |
|
|
|a 1. vydání (3. vydání celkově)
|
| 264 |
|
1 |
|a Praha :
|b Musica Gioia,
|c 2016
|
| 264 |
|
4 |
|c ©2016
|
| 300 |
|
|
|a 1 partitura (14 stran) :
|b barevné ilustrace ;
|c 24 x 24 cm
|
| 336 |
|
|
|a zápis hudby
|b ntm
|2 rdacontent
|
| 337 |
|
|
|a bez média
|b n
|2 rdamedia
|
| 338 |
|
|
|a svazek
|b nc
|2 rdacarrier
|
| 382 |
0 |
1 |
|a klavír
|n 1
|s 1
|
| 505 |
0 |
|
|a Na houpačce -- Kroky ve tmě -- Malý Číňánek -- Před spaním -- Pochod -- U gotického kostelíka -- Lovecká fanfára -- Pastorale -- Včelka -- Podvečer
|
| 648 |
|
7 |
|a 20.-21. století
|7 ch462155
|2 czenas
|
| 650 |
0 |
7 |
|a klavírní cykly
|7 ph321767
|z Česko
|y 20.-21. století
|2 czenas
|
| 650 |
0 |
7 |
|a drobné skladby
|7 ph321708
|z Česko
|y 20.-21. století
|2 czenas
|
| 650 |
0 |
4 |
|a snadné skladby
|
| 650 |
0 |
9 |
|a piano cycles
|z Czechia
|y 20th-21st centuries
|2 eczenas
|
| 650 |
0 |
9 |
|a small music pieces
|z Czechia
|y 20th-21st centuries
|2 eczenas
|
| 655 |
|
7 |
|a klavírní cykly
|7 fd1148475
|2 czenas
|
| 655 |
|
7 |
|a drobné skladby
|7 fd980066
|2 czenas
|
| 655 |
|
7 |
|a partitury pro sólový nástroj
|7 fd201979
|2 czenas
|
| 655 |
|
9 |
|a piano cycles
|2 eczenas
|
| 655 |
|
9 |
|a small music pieces
|2 eczenas
|
| 655 |
|
9 |
|a scores for solo instrument
|2 eczenas
|
| 910 |
2 |
|
|a BOA001
|b Mus2-1367.991
|
| 990 |
|
|
|a MU
|
| 995 |
|
|
|a 01
|
| 991 |
|
|
|b 201606
|c NOV
|
| 925 |
|
|
|a klavír
|b Pf
|
| 996 |
6 |
|
|b 2610674457
|c Mus2-1367.991
|l MZK
|r Sklad / do 1 hodiny
|n 0
|p p.v.
|w 001566855
|u 000010
|a 1
|e BOA001
|j MZK50
|s P
|
| 996 |
7 |
|
|b 2610680039
|c Mus2-1367.991
|l MZK
|r Sklad / do 1 hodiny
|n 1
|p kup
|w 001566855
|u 000020
|a 1
|e BOA001
|j MZK50
|s A
|